000 00623cam a22002294a 4500
001 13968195
005 20180125042818.0
008 050516s2005 wvua 000 0 eng
010 _a 2005927597
020 _a1885693613
040 _aDLC
_cDLC
_dDLC
041 _aeng
042 _apcc
080 _a796.069 GIL
082 0 0 _a796.069 GIL
_222
100 _a53
101 _aMEN
245 0 0 _aFoundations of sport management /
_cAndy Gillentine, R. Brian Crow, editors.
906 _a7
_bcbc
_corignew
_d2
_eepcn
_f20
_gy-gencatlg
942 _2ddc
_cBK
999 _c40911
_d40911